000 00697nam a2200241Ia 4500
005 20260430150014.0
008 008 250103s9999 xx 000 0 eng d
037 _aTheses
040 _aCRL
040 _beng
040 _ceng
041 _2eng
041 _aeng
084 _qCRL
100 _aDevi Pukhrambam Pushpa Au.; Raman Rajagopal Gu.
_91236179
245 0 _aCloning the genome of groundnut bud necrosis virus (GBNV) and attempting to generate infectious virus in vitro from cDNA clones
260 _c2022
300 _a117p.
650 _aZoology
700 _aUniversity of Delhi. Faculty of Science. Department of Zoology
942 _cTH
999 _c1848709
_d1848709